The minister's handbook of dedications. (Record no. 8721)

000 -LEADER
fixed length control field 00558nam a2200181 a 4500
001 - CONTROL NUMBER
control field :::00006499$&:&@@
003 - CONTROL NUMBER IDENTIFIER
control field OkBaRHE
005 - DATE AND TIME OF LATEST TRANSACTION
control field 20000607103331.0
008 - FIXED-LENGTH DATA ELEMENTS--GENERAL INFORMATION
fixed length control field s1961 j 000 0 eng u
040 ## - CATALOGING SOURCE
Transcribing agency
100 1# - MAIN ENTRY--PERSONAL NAME
Personal name Leach, William Herman, 1888-
245 14 - TITLE STATEMENT
Title The minister's handbook of dedications.
260 ## - PUBLICATION, DISTRIBUTION, ETC. (IMPRINT)
Place of publication, distribution, etc New York, NY., :
Name of publisher, distributor, etc Abingdon Press
Date of publication, distribution, etc c1961
300 ## - PHYSICAL DESCRIPTION
Extent 144 p. ;
Dimensions 19 cm.
650 ## - SUBJECT ADDED ENTRY--TOPICAL TERM
Topical term or geographic name as entry element Dedication Services
942 ## - ADDED ENTRY ELEMENTS (KOHA)
Source of classification or shelving scheme
Koha item type Books
Copies
Not for loan Copy number Barcode Permanent Location Shelving location Koha item type Full call number Lost status Date last seen Price effective from Damaged status Source of classification or shelving scheme Date acquired Withdrawn status
 16499RHEMA Bible Training CollegeGeneral StacksBooksBV 199 .D4L4 2010-04-142010-04-14  2010-04-14